| 000 | 00904 a2200445 4500 | ||
|---|---|---|---|
| 000 | BKB | ||
| 001 | 069657 | ||
| 005 | 20200902150329.0 | ||
| 008 | |||
| 010 | _a | ||
| 020 | _a9780070681965 | ||
| 082 |
_a658.1511 _bK52M |
||
| 100 | 1 | _aKhan, M.Y. | |
| 110 | _a | ||
| 245 | 1 |
_aManagement accounting _cby M.Y. Khan and P.K. Jain |
|
| 250 | _a5th ed. | ||
| 260 |
_aNew Delhi _bTata McGraw Hill _c2010 |
||
| 300 | _avp | ||
| 490 |
_a _v |
||
| 500 | _a | ||
| 600 | _a | ||
| 610 | _a | ||
| 611 | _a | ||
| 630 | _aManagement | ||
| 650 | _a | ||
| 651 | _a | ||
| 654 | _a | ||
| 690 | _aManagerial accounting; Management | ||
| 700 |
_aJain, P.K. _b _c |
||
| 710 |
_a _b _c |
||
| 711 | _a | ||
| 720 | _a | ||
| 730 | _a | ||
| 740 | _a | ||
| 752 | _a | ||
| 856 |
_a _d _f |
||
| 904 | _a | ||
| 964 |
_a _b _c _d _e _f _g |
||
| 965 | _a | ||
| 999 |
_c3197 _d3197 |
||